The Japanese tattoo / (Record no. 12270)

000 -LEADER
fixed length control field 00424cam a2200169Ii 4500
020 ## - INTERNATIONAL STANDARD BOOK NUMBER
ISBN 0834802287
040 ## - CATALOGING SOURCE
Transcribing agency ZQP
082 ## - DEWEY DECIMAL CLASSIFICATION NUMBER
Classification number 391 WEA 1989 A019 Or.
100 1# - MAIN ENTRY--AUTHOR NAME
Personal name Richie, Donald,
245 14 - TITLE STATEMENT
Title The Japanese tattoo /
250 ## - EDITION STATEMENT
Edition statement 1st paperback ed.
260 ## - PUBLICATION, DISTRIBUTION, ETC. (IMPRINT)
Place of publication New York :
Name of publisher Weatherhill,
Year of publication 1989.
300 ## - PHYSICAL DESCRIPTION
Number of Pages 115, [1] p. :
Other physical details ill. (some col.) ;
Dimensions 26 cm.
650 #0 - SUBJECT ADDED ENTRY--TOPICAL TERM
Topical Term Tattooing
700 1# - ADDED ENTRY--PERSONAL NAME
Personal name Buruma, Ian.
942 ## - ADDED ENTRY ELEMENTS (KOHA)
Koha item type សៀវភៅភាសាអង់គ្លេស
952 ## - LOCATION AND ITEM INFORMATION (KOHA)
Withdrawn status [LOCAL, KOHA] 0
Holdings
Permanent Location Date acquired Koha item type Lost status Shelving location Barcode Current Location Full call number
Library Block A2017-08-11សៀវភៅភាសាអង់គ្លេស A069A16255Library Block A391 WEA 1989 A069 Or.
មជ្ឈមណ្ឌលឯការនៃសាកលវិទ្យាល័យភូមិន្ទកសិកម្មចំការដូង

Powered by Koha